| 000 | 00850cab a2200337 4500 | ||
|---|---|---|---|
| 001 | WB3425-52 | ||
| 008 | 090401t1998 xxu||||| |||| 00| 0 eng d | ||
| 035 | _a(Sirsi) u87093 | ||
| 041 | _aeng | ||
| 245 | _aHong Kong | ||
| 260 | _c1998 | ||
| 350 | _a0 | ||
| 490 |
_aFinancial Times _v`Survey`, 30 June 1998, (6) |
||
| 520 | _aAn overview of Hong Kong since its handover to China and Asia`s economic downturn. | ||
| 650 | _aBANKING | ||
| 650 | _aCHINA | ||
| 650 | _aECONOMY | ||
| 650 | _aFILM INDUSTRY | ||
| 650 | _aFINANCE | ||
| 650 | _aHONG KONG | ||
| 650 |
_aInfrastructure _96246 |
||
| 650 | _aINVESTMENT BANKING | ||
| 650 | _aPOLITICS | ||
| 650 | _aPROPERTY MARKET | ||
| 650 | _aRECESSION | ||
| 650 | _aSTATISTICS | ||
| 650 | _aTOURISM | ||
| 690 | _aOVERSEAS-REST OF THE WORLD | ||
| 942 | _n0 | ||
| 948 | _c30/06/1998 | ||
| 999 |
_c54883 _d54883 |
||